Minerals planning guidance (Record no. 86239)

MARC details
000 -LEADER
fixed length control field 01439cam a2200277 4500
008 - FIXED-LENGTH DATA ELEMENTS--GENERAL INFORMATION
fixed length control field 090401t1996 xxu||||| |||| 00| 0 eng d
020 ## - INTERNATIONAL STANDARD BOOK NUMBER
International Standard Book Number 0117533203
035 ## - SYSTEM CONTROL NUMBER
System control number (Sirsi) u6030
041 ## - LANGUAGE CODE
Language code of text/sound track or separate title eng
050 ## - LIBRARY OF CONGRESS CALL NUMBER
Classification number 711.1
-- 18
110 ## - MAIN ENTRY--CORPORATE NAME
Corporate name or jurisdiction name as entry element United Kingdom
Subordinate unit Department of the Environment
9 (RLIN) 982
245 ## - TITLE STATEMENT
Title Minerals planning guidance
Remainder of title provision of silica sand in England
260 ## - PUBLICATION, DISTRIBUTION, ETC.
Place of publication, distribution, etc. London
Name of publisher, distributor, etc. HMSO
Date of publication, distribution, etc. 1996
300 ## - PHYSICAL DESCRIPTION
Extent 20p.
Dimensions 30cm.
350 ## - PRICE (NR) (BK AM CF MU VM SE) [OBSOLETE]
Price 7.50
490 ## - SERIES STATEMENT
Series statement MPG
Volume/sequential designation 15
520 ## - SUMMARY, ETC.
Summary, etc. Guidance emphasising that silica sand is an essential raw material for many industrial processes; advising that, because of its scarcity it is a valuable resource of recognised national importance; warning that the impact on the environment which must be carefully balanced against the needs of the community for the mineral; providing advice to ensure that there is an adequate and steady supply; setting out the policies for extraction from environmentally sensitive areas; and encouraging efforts to recycle, to reduce the impact of extraction on the environment. Replaces guidance given in DoE Circular 24/85. View at www.planning.odpm.gov.uk/.
650 ## - SUBJECT ADDED ENTRY--TOPICAL TERM
Topical term or geographic name entry element EXTRACTION
650 ## - SUBJECT ADDED ENTRY--TOPICAL TERM
Topical term or geographic name entry element MINERALS PLANNING
650 ## - SUBJECT ADDED ENTRY--TOPICAL TERM
Topical term or geographic name entry element MPG15
650 ## - SUBJECT ADDED ENTRY--TOPICAL TERM
Topical term or geographic name entry element SILICA SAND
690 ## - LOCAL SUBJECT ADDED ENTRY--TOPICAL TERM (OCLC, RLIN)
Topical term or geographic name as entry element PLANNING LAW AND PRACTICE
856 ## - ELECTRONIC LOCATION AND ACCESS
Uniform Resource Identifier <a href="https://www.communities.gov.uk/index.asp?id=1144252">https://www.communities.gov.uk/index.asp?id=1144252</a>
Hours access method available View the guidance on the ODPM website...
942 ## - ADDED ENTRY ELEMENTS (KOHA)
Suppress in OPAC 0
948 ## - LOCAL PROCESSING INFORMATION (OCLC); SERIES PART DESIGNATOR (RLIN)
c (OCLC) 04/03/1997
Holdings
Withdrawn status Lost status Source of classification or shelving scheme Damaged status Not for loan Home library Current library Shelving location Date acquired Cost, normal purchase price Total Checkouts Full call number Barcode Date last seen Copy number Cost, replacement price Price effective from Koha item type
    Dewey Decimal Classification     London London Enquiry desk 25/09/1996 7.50   BOXED SET 30050389 06/08/2019 1 7.50 06/08/2019 Book
    Dewey Decimal Classification     London London Enquiry desk 01/10/1996 7.50   BOXED SET 30050419 06/08/2019 2 7.50 06/08/2019 Book
    Dewey Decimal Classification     Virtual Virtual Online 27/06/2003     ONLINE PUBLICATION 6030-2001 06/08/2019 1   06/08/2019 Book